| 000 | 01255nam a22002177a 4500 | ||
|---|---|---|---|
| 999 |
_c59181 _d59181 |
||
| 003 | Ge_BSU | ||
| 005 | 20221202120242.0 | ||
| 008 | 221202s1978ge xxu||||| |||| 00| 0 geo d | ||
| 041 | _ageo | ||
| 080 | _a821.222.1-32 ქ-12 | ||
| 100 |
_aქეი-ქაუსი, ავტორი. _916310 |
||
| 245 |
_aყაბუს-ნამე : _bდარიგებათა წიგნი / _cქეი-ქაუსი ; სპარსულიდან თარგმნა, წინასიტყვ. და შენიშვნები დაურთო ამირან ლომთაძემ ; |
||
| 264 |
_aთბილისი : _bმეცნიერება, _c1978. |
||
| 300 |
_a205 გვ. ; _b 21 სმ. |
||
| 501 | _aშენიშვნები: გვ. 196-203. | ||
| 653 | _aყაბუს-ნამე | ||
| 653 | _aდარიგებათა წიგნი | ||
| 700 |
_aლომთაძე, ამირან _eწინასიტყვაობა და შენიშვნები დაურთო _916311 |
||
| 710 |
_aგ. წერეთლის სახელობის აღმოსავლეთმცოდნეობის ინსტიტუტი _916313 |
||
| 942 |
_2udc _cBK |
||